[Event "Skopje ol (Men) fin-A"]
[Site "Skopje"]
[Date "1972.09.28"]
[Round "2.2"]
[White "Tringov, Georgi P"]
[Black "Bilek, Istvan"]
[Result "1/2-1/2"]
[WhiteElo "2460"]
[BlackElo "2485"]

1. e4 c5 2. Nf3 d6 3. d4 cxd4 4. Qxd4 a6 5. c4 Nc6 6. Qd2 g6 7. Nc3 Bh6 8. Qd1  Bg7 9. h3 Nf6 10. Bd3 O-O 11. O-O Nd7 12. Re1 Nde5 13. Nxe5 dxe5 14. a3 Nd4 15.  b4 Be6 16. Bb2 Rc8 17. Nd5 b5 18. Rc1 Bh6 19. Rc3 Qd6 20. c5 Qd8 21. Nb6 Rc6  22. Bc1 Bb3 23. Qg4 Be6 24. Qd1 Bb3 1/2-1/2

[Event "Skopje ol (Men) fin-A"]
[Site "Skopje"]
[Date "1972.09.28"]
[Round "2.3"]
[White "Bellon Lopez, Juan Manuel"]
[Black "Olsson, Ake"]
[Result "0-1"]
[WhiteElo "2385"]
[BlackElo "2380"]

1. b3 e5 2. Bb2 Nc6 3. e3 Nf6 4. Bb5 d6 5. Ne2 Nd7 6. d4 Qg5 7. O-O exd4 8.  Bxc6 bxc6 9. Nxd4 Bb7 10. Qf3 Ne5 11. Qe4 O-O-O 12. f4 Qg6 13. Qf5+ Qxf5 14.  Nxf5 Ng4 15. h3 Nf6 16. Bxf6 gxf6 17. Nd2 d5 18. Nf3 Bc5 19. N3d4 Rhe8 20. c3  a5 21. Kf2 Bb6 22. a4 c5 23. Nf3 Kb8 24. Rad1 Bc8 25. N3h4 c6 26. Rfe1 Rd7 27.  Ng7 Re4 28. Nh5 c4 29. Nf5 cxb3 30. Rb1 Rxa4 31. Rxb3 Kc7 32. g4 Rd8 33. Reb1  Bc5 34. Nd4 Ra2+ 35. Kf3 a4 36. R3b2 Rxb2 37. Rxb2 a3 38. Rd2 Ba6 39. Nxf6 Bc4  40. Nc2 a2 41. Nxh7 Rb8 42. Na1 Rb1 0-1

[Event "Skopje ol (Men) fin-A"]
[Site "Skopje"]
[Date "1972.09.28"]
[Round "2.3"]
[White "Benko, Pal C"]
[Black "Schaufelberger, Heinz"]
[Result "1-0"]
[WhiteElo "2515"]
[BlackElo "2340"]

1. d4 Nf6 2. c4 g6 3. Nc3 Bg7 4. e4 O-O 5. Be3 d6 6. h3 e5 7. d5 c6 8. Nf3 a5  9. Nd2 Na6 10. Be2 Bd7 11. a3 Rb8 12. O-O Ne8 13. Rb1 c5 14. Qc2 Qh4 15. Nf3  Qe7 16. Ne1 f5 17. exf5 gxf5 18. f4 e4 19. Qd2 Kh8 20. Kh2 Rg8 21. Rg1 Qh4 22.  g3 Qh6 23. Nc2 Nf6 24. Rg2 Nc7 25. b4 b6 26. Rgg1 Ng4+ 27. Bxg4 fxg4 28. h4 Bf5  29. b5 Bf6 30. Bf2 e3 31. Nxe3 Bxb1 32. Rxb1 Qg6 33. Rh1 Rbe8 34. Kg2 Qg7 35.  Rc1 Qg6 36. Qc2 Bd4 37. Qxg6 hxg6 38. Nxg4 Kh7 39. Kf3 Re7 40. Ne4 1-0

[Event "Skopje ol (Men) fin-A"]
[Site "Skopje"]
[Date "1972.09.28"]
[Round "2.3"]
[White "Debarnot, Roberto Luis"]
[Black "Filipowicz, Andrzej"]
[Result "1-0"]
[WhiteElo "2375"]
[BlackElo "2405"]

1. d4 Nf6 2. c4 c5 3. e3 cxd4 4. exd4 d5 5. Nc3 g6 6. Qb3 Bg7 7. cxd5 O-O 8.  Nf3 Nbd7 9. Bc4 Nb6 10. O-O a5 11. a4 Qd6 12. Qa2 Qb4 13. Be2 Qd6 14. Bc4 Rd8  15. Nb5 Qd7 16. Ne5 Qf5 17. d6 e6 18. b3 Bd7 19. Bd3 Qh5 20. Be2 Qh4 21. Nf3  Qe4 22. Re1 Rac8 23. Bc4 Qg4 24. h3 Qh5 25. Re5 g5 26. Rxg5 Qh6 27. Re5 Nxc4  28. Bxh6 Nxe5 29. dxe5 Bxh6 30. exf6 Bxb5 31. axb5 Rxd6 32. Qxa5 Rcd8 33. g3 b6  34. Qb4 Bf8 35. Qf4 Kh8 36. Qh4 1-0

[Event "Skopje ol (Men) fin-A"]
[Site "Skopje"]
[Date "1972.09.28"]
[Round "2.3"]
[White "Hartoch, Robert G"]
[Black "Sloth, Jorn"]
[Result "1-0"]
[WhiteElo "2430"]
[BlackElo "2385"]

1. Nf3 d5 2. b3 Bg4 3. Bb2 Nd7 4. d3 Bxf3 5. exf3 Ngf6 6. f4 e6 7. g3 c6 8. Bg2  Qa5+ 9. Qd2 Bb4 10. c3 Bd6 11. O-O O-O 12. Qc2 Qc7 13. Nd2 a5 14. a3 Rfc8 15.  Nf3 a4 16. b4 c5 17. Qd2 b5 18. Rac1 Qd8 19. Rfe1 Qf8 20. Ne5 Be7 21. Nxd7 Nxd7  22. f5 exf5 23. Bxd5 Ra7 24. Bg2 Nb6 25. Qf4 Bf6 26. Qxf5 Nd7 27. d4 g6 28. Qd3  c4 29. Qf3 Qd6 30. Rcd1 Nb6 31. Bc1 Re7 32. Bf4 Qd7 33. Rxe7 Qxe7 34. Qe4 g5  35. Bd2 Qxe4 36. Bxe4 Rc7 37. Re1 Nc8 38. f4 h6 39. fxg5 hxg5 40. Kg2 Nd6 41.  Bc2 Re7 42. Kf3 Rxe1 43. Bxe1 Be7 44. Kg4 Kg7 45. Bd2 f6 1-0

[Event "Skopje ol (Men) fin-A"]
[Site "Skopje"]
[Date "1972.09.28"]
[Round "2.3"]
[White "Hecht, Hans Joachim"]
[Black "Tal, Mikhail "]
[Result "0-1"]
[WhiteElo "2485"]
[BlackElo "2625"]

1. e4 c5 2. Nf3 e6 3. Nc3 Nc6 4. g3 d5 5. exd5 exd5 6. Bg2 d4 7. Ne2 Nf6 8. d3  Bd6 9. O-O O-O 10. Nd2 Bg4 11. h3 Bd7 12. Nc4 Bc7 13. Bf4 Re8 14. Re1 Nh5 15.  Bxc7 Qxc7 16. c3 Rad8 17. cxd4 cxd4 18. Rc1 Qb8 19. Qd2 Be6 20. Bf3 Bxc4 21.  Bxc6 bxc6 22. Rxc4 Qe5 23. Rcc1 Qd6 24. Nf4 Nf6 25. Qa5 Nd7 26. Rxe8+ Rxe8 27.  b4 Ne5 28. Qc5 Qf6 29. b5 g5 30. bxc6 gxf4 31. c7 fxg3 32. fxg3 Nf3+ 33. Kh1  Ne1 34. Kg1 Qf3 35. Qg5+ Kh8 0-1

[Event "Skopje ol (Men) fin-A"]
[Site "Skopje"]
[Date "1972.09.28"]
[Round "2.3"]
[White "Ungureanu, Emil"]
[Black "Liebert, Heinz"]
[Result "1-0"]
[WhiteElo "2410"]
[BlackElo "2400"]

1. d4 Nf6 2. c4 g6 3. Nc3 d5 4. Bg5 Ne4 5. Bh4 Nxc3 6. bxc3 c5 7. e3 Bg7 8. Nf3  cxd4 9. cxd4 Nc6 10. Be2 O-O 11. O-O b6 12. Qa4 Bb7 13. Rac1 dxc4 14. Bxc4 a6  15. Qa3 b5 16. Be2 Re8 17. Rfd1 Qd6 18. Qb3 Na5 19. Qc3 Qd8 20. Bg3 Nc6 21. Qb3  Rc8 22. a4 Na5 23. Qb4 Nc6 24. Qb1 Na7 25. axb5 Nxb5 26. Bxb5 axb5 27. Qxb5  Rxc1 28. Rxc1 Qa8 29. h4 h5 30. Ne1 Bh6 31. Rc7 Bd5 32. Qc5 e6 33. Ra7 Qd8 34.  Nd3 Bf8 35. Qc7 Qxc7 36. Rxc7 Be4 37. Ne5 Bd6 38. Rd7 Bxe5 39. Bxe5 Ra8 40. f3  Bc6 41. Rc7 Bb5 42. Bf6 Kf8 43. Kh2 Ra2 44. Rc8+ Be8 45. e4 Ra6 46. Kg3 Rb6 47.  Ra8 Rc6 48. Rb8 Ra6 49. Kf2 Ra2+ 50. Ke3 Rxg2 51. d5 exd5 52. exd5 Ra2 53. d6  Ra7 54. Kf4 Rd7 55. Ke5 Ra7 56. Bg5 1-0

[Event "Skopje ol (Men) fin-A"]
[Site "Skopje"]
[Date "1972.09.28"]
[Round "2.4"]
[White "Pedersen, Eigil"]
[Black "Enklaar, Bertus F"]
[Result "1-0"]
[WhiteElo "2370"]
[BlackElo "2410"]

1. e4 c5 2. Nc3 e6 3. g3 Nc6 4. Bg2 Nf6 5. Nge2 d6 6. O-O Be7 7. d3 O-O 8. h3  Rb8 9. a4 a6 10. g4 b5 11. axb5 axb5 12. Ng3 Ne8 13. f4 b4 14. Nce2 Nc7 15. g5  Bd7 16. h4 f6 17. Qd2 Nb5 18. f5 fxg5 19. hxg5 Nbd4 20. Nxd4 Nxd4 21. Ra7 Nc6  22. Ra1 Nd4 23. Ra7 Nc6 24. Ra1 Qc7 25. Qd1 Ne5 26. Bf4 exf5 27. exf5 Bc6 28.  Bxc6 Qxc6 29. Bxe5 dxe5 30. Qg4 Kh8 31. Ne4 c4 32. Rf3 cxd3 33. cxd3 Qd7 34.  Qh3 Rbc8 35. Raf1 b3 36. Kg2 Rc2+ 37. Kg3 Rc6 38. Rh1 h6 39. Qh5 Qe8 40. Qg4  Bd8 41. f6 Kh7 42. Rf2 Rc2 43. fxg7 Rfxf2 44. g8=Q+ Qxg8 45. Rxh6+ Kg7 46. Nxf2  Qf7 47. Ne4 Rxb2 48. Nf6 Bxf6 49. Qf5 1-0

[Event "Skopje ol (Men) fin-A"]
[Site "Skopje"]
[Date "1972.09.28"]
[Round "2.4"]
[White "Pribyl, Josef"]
[Black "Matanovic, Aleksandar"]
[Result "1/2-1/2"]
[WhiteElo "2435"]
[BlackElo "2515"]

1. c4 Nf6 2. Nc3 e6 3. e4 c5 4. e5 Ng8 5. d4 cxd4 6. Qxd4 Nc6 7. Qe4 d6 8. Nf3  dxe5 9. Nxe5 Bd7 10. Nxd7 Qxd7 11. Bg5 Bb4 12. Rd1 Qc7 13. Be2 Nf6 14. Qe3 Qe5  15. Qxe5 Nxe5 16. Bd2 Rc8 17. Nb5 Bxd2+ 18. Rxd2 Ke7 19. Nxa7 Ra8 20. Nb5 Rxa2  21. O-O Ra4 22. b3 Rb4 23. Bd1 Ned7 24. Re1 Ra8 25. f3 Nc5 26. Re3 Ra1 27. Kf2  Rb1 28. Nc3 Ra1 1/2-1/2

[Event "Skopje ol (Men) fin-A"]
[Site "Skopje"]
[Date "1972.09.28"]
[Round "2.4"]
[White "Uddenfeldt, Dan"]
[Black "Visier Segovia, Fernando"]
[Result "1-0"]
[WhiteElo "2270"]
[BlackElo "2365"]

1. d4 Nf6 2. c4 e6 3. Nc3 Bb4 4. e3 b6 5. Nf3 Bb7 6. Bd3 O-O 7. O-O c5 8. a3  Bxc3 9. bxc3 Qc7 10. Bb2 d6 11. Re1 e5 12. e4 Nc6 13. d5 Ne7 14. Nh4 Bc8 15.  Bc1 h6 16. g3 g5 17. Ng2 Qd7 18. Ra2 Qh3 19. f3 Nh7 20. Ne3 Qh5 21. Nf5 Nxf5  22. exf5 f6 23. h4 Bd7 24. Rh2 Qf7 25. hxg5 hxg5 26. Kg2 Kg7 27. Reh1 Rh8 28.  Rh6 Rag8 29. Rg6+ Kf8 30. Rhh6 b5 31. g4 bxc4 32. Bxc4 Ke7 33. Qh1 Ba4 34. Rxg8  Qxg8 35. Ba6 Kd7 36. c4 Kc7 37. Rg6 Qf8 38. Bd2 Kb6 39. Bb5 Bxb5 40. Qb1 a6 41.  a4 Qf7 42. axb5 Nf8 43. bxa6+ Kxa6 44. Ba5 Nd7 45. Qb5+ Ka7 46. Qc6 Rb8 47. Rh6  e4 48. Bc3 exf3+ 49. Kg3 Qe7 50. Rh1 Rb7 51. Qc8 Nb8 52. Ra1+ 1-0

[Event "Skopje ol (Men) fin-A"]
[Site "Skopje"]
[Date "1972.09.29"]
[Round "3.1"]
[White "Hamann, Svend"]
[Black "Gligoric, Svetozar"]
[Result "0-1"]
[WhiteElo "2490"]
[BlackElo "2575"]

1. e4 c5 2. Nf3 Nc6 3. d4 cxd4 4. Nxd4 Nf6 5. Nc3 d6 6. Bc4 e6 7. Be3 a6 8. O-O  Be7 9. Bb3 O-O 10. f4 Nxd4 11. Bxd4 b5 12. e5 dxe5 13. fxe5 Nd7 14. Ne4 Bb7 15.  Nd6 Bxd6 16. exd6 Qg5 17. Qe2 e5 18. Be3 Qg6 19. Rad1 Kh8 20. c3 Be4 21. Qf2 f5  22. Qg3 Qe8 23. Bg5 f4 24. Qf2 Qg6 25. Be7 Rf5 26. Rfe1 Bc6 27. Bc2 Qe6 28. Bb3  Qh6 29. Bd5 Bxd5 30. Rxd5 Qe6 31. Qf3 Rc8 32. Rd2 g5 33. Qd5 Qxd5 34. Rxd5 Kg7  35. a4 bxa4 36. Ra1 Rc5 37. Rxc5 Nxc5 38. Rd1 Nd7 39. Rd5 Kg6 40. Ra5 e4 41.  Rxa6 Rd5 42. Kf1 e3 43. Rxa4 Rd1+ 44. Ke2 Rd2+ 45. Kf1 Rf2+ 46. Kg1 Rxb2 47.  Kf1 f3 48. gxf3 Ne5 49. Re4 Rf2+ 50. Ke1 Nd3+ 51. Kd1 Rd2# 0-1

[Event "Skopje ol (Men) fin-A"]
[Site "Skopje"]
[Date "1972.09.29"]
[Round "3.1"]
[White "Lombard, Andre"]
[Black "Pomar Salamanca, Arturo"]
[Result "0-1"]
[WhiteElo "2380"]
[BlackElo "2460"]

1. c4 Nf6 2. Nc3 e6 3. Nf3 b6 4. g3 Bb7 5. Bg2 Be7 6. O-O O-O 7. d4 Ne4 8. Qc2  Nxc3 9. Qxc3 Bf6 10. Qc2 Nc6 11. Rd1 d5 12. cxd5 exd5 13. Bf4 Re8 14. Rac1 Qe7  15. Qa4 Qxe2 16. Re1 Qxb2 17. Rxc6 Rxe1+ 18. Nxe1 Bxc6 19. Qxc6 Rf8 20. Bxd5  Qa1 21. Kf1 Bxd4 22. Ke2 Qc3 23. Nc2 Qxc6 24. Bxc6 Bc5 25. Ne3 Bd6 26. Bxd6  cxd6 27. Nf5 Rd8 28. Kd3 g6 29. Ne3 Rc8 30. Bd5 Rc5 31. Bb3 b5 32. Nd5 Kg7 33.  Nc3 f5 34. Ne2 a5 35. Nf4 Kf6 36. Nd5+ Kg7 37. Nf4 Rc1 38. Ne6+ Kf6 39. Nd4 b4  40. Bg8 h6 41. Bb3 g5 42. Kd2 Ra1 43. Nc2 Rh1 44. Ne3 Rxh2 45. Ke2 Rh1 46. Nc4  h5 47. Nxa5 h4 48. gxh4 gxh4 49. f4 Rg1 50. Kf2 Rg4 51. Bd5 Rxf4+ 52. Kg2 Kg5  53. Bb3 Rg4+ 54. Kh3 f4 55. Nc4 Rg3+ 56. Kh2 Rd3 57. Kg1 Kg4 58. Nb2 Rd2 59.  Nc4 Rd4 60. Kg2 h3+ 61. Kf2 Rd3 62. Ba4 f3 0-1

[Event "Skopje ol (Men) fin-A"]
[Site "Skopje"]
[Date "1972.09.29"]
[Round "3.1"]
[White "Schmidt, Wlodzimierz"]
[Black "Gheorghiu, Florin"]
[Result "1/2-1/2"]
[WhiteElo "2450"]
[BlackElo "2520"]

1. Nf3 g6 2. c4 Bg7 3. d4 Nf6 4. g3 O-O 5. Bg2 d5 6. cxd5 Nxd5 7. O-O Nc6 8.  Nc3 Nb6 9. e3 e5 10. d5 Na5 11. e4 c6 12. Bg5 f6 13. Be3 cxd5 14. Bxb6 Qxb6 15.  Nxd5 Qd8 16. Rc1 Rb8 17. b4 Nc6 18. Qb3 Be6 19. Rfd1 f5 20. Qb1 Nd4 21. Nxd4  exd4 22. Nf4 Bd7 23. Qb3+ Kh8 24. e5 Bxe5 25. Qd5 Bf6 26. Rxd4 Ba4 1/2-1/2

[Event "Skopje ol (Men) fin-A"]
[Site "Skopje"]
[Date "1972.09.29"]
[Round "3.1"]
[White "Tringov, Georgi P"]
[Black "Huebner, Robert"]
[Result "1/2-1/2"]
[WhiteElo "2460"]
[BlackElo "2590"]

1. e4 g6 2. d4 Bg7 3. Nf3 d6 4. c3 Nf6 5. Nbd2 O-O 6. Be2 Nc6 7. O-O e5 8. dxe5  Nxe5 9. Nxe5 dxe5 10. Qc2 Qe7 11. a4 Rd8 12. a5 Bd7 13. Re1 Bh6 14. Nf3 Bxc1  15. Raxc1 1/2-1/2

[Event "Skopje ol (Men) fin-A"]
[Site "Skopje"]
[Date "1972.09.29"]
[Round "3.2"]
[White "Bilek, Istvan"]
[Black "Malich, Burkhard"]
[Result "1-0"]
[WhiteElo "2485"]
[BlackElo "2490"]

1. g3 d5 2. Bg2 c6 3. d3 Nf6 4. Nd2 g6 5. Ngf3 Bg7 6. O-O O-O 7. e4 Bg4 8. Re1  Na6 9. e5 Nd7 10. h3 Bxf3 11. Nxf3 Nc7 12. h4 f5 13. exf6 exf6 14. Bf4 Rf7 15.  Qd2 Nf8 16. Bh3 a5 17. a4 d4 18. Bxc7 Rxc7 19. Be6+ Kh8 20. Qf4 c5 21. Bc4 Re7  22. Rxe7 Qxe7 23. Re1 Qd7 24. Bb5 Qd5 25. Re7 Rc8 26. Bc4 Qc6 27. Ne5 g5 28.  Nf7+ 1-0

[Event "Skopje ol (Men) fin-A"]
[Site "Skopje"]
[Date "1972.09.29"]
[Round "3.2"]
[White "Ciocaltea, Victor"]
[Black "Pytel, Krzysztof"]
[Result "1/2-1/2"]
[WhiteElo "2470"]
[BlackElo "2380"]

1. e4 c5 2. Nf3 d6 3. d4 cxd4 4. Qxd4 a6 5. c4 Nc6 6. Qd2 g6 7. Nc3 Bh6 8. Qd1  Bg7 9. h3 Bxc3+ 10. bxc3 Nf6 11. Bd3 Qa5 12. O-O O-O 13. Bh6 Re8 14. Qd2 Ne5  15. Nxe5 Qxe5 16. Rfe1 Be6 17. Bf4 Qc5 18. e5 dxe5 19. Bxe5 Bxc4 20. Bd4 Qc6  21. Bxc4 Qxc4 22. Qh6 Qc6 23. Re5 Rad8 24. Rae1 Rd7 25. R1e3 b6 26. f4 Qd6 27.  f5 Rc8 28. R5e4 Rc5 29. fxg6 fxg6 30. Re6 Rh5 31. Rxd6 Rxh6 32. Rxd7 Nxd7 33.  Rxe7 Nc5 34. Bxc5 bxc5 35. Ra7 g5 36. Rc7 g4 37. hxg4 Rg6 38. Rxc5 Rxg4 39. c4  Kf7 40. Rc7+ Ke8 41. Rc8+ Kd7 42. Ra8 Rxc4 43. Rxa6 h5 44. Rh6 Rc5 1/2-1/2

[Event "Skopje ol (Men) fin-A"]
[Site "Skopje"]
[Date "1972.09.29"]
[Round "3.2"]
[White "Darga, Klaus"]
[Black "Radulov, Ivan"]
[Result "1/2-1/2"]
[WhiteElo "2540"]
[BlackElo "2490"]

1. c4 Nf6 2. Nc3 e6 3. Nf3 d5 4. d4 Be7 5. Bg5 O-O 6. e3 b6 7. Be2 Bb7 8. Bxf6  Bxf6 9. cxd5 exd5 10. O-O c5 11. Rc1 Nd7 12. dxc5 Nxc5 13. Nd4 g6 14. b4 Ne6  15. Ncb5 Nxd4 16. Nxd4 Qd6 17. Qd2 Rac8 18. Nb5 Qb8 19. Bf3 a6 20. Nc3 d4 21.  Ne4 1/2-1/2

[Event "Skopje ol (Men) fin-A"]
[Site "Skopje"]
[Date "1972.09.29"]
[Round "3.2"]
[White "Diez del Corral, Jesus"]
[Black "Bhend, Edwin"]
[Result "1-0"]
[WhiteElo "2470"]
[BlackElo "2325"]

1. e4 c5 2. Nf3 d6 3. d4 cxd4 4. Nxd4 Nf6 5. Nc3 a6 6. Bg5 e6 7. f4 Be7 8. Qf3  h6 9. Bh4 Qc7 10. Bd3 Nbd7 11. Bf2 b5 12. a3 Bb7 13. O-O Nb6 14. Rfe1 Nc4 15.  b3 Nb6 16. Qh3 Nfd7 17. Nce2 g6 18. b4 e5 19. Nb3 Bf6 20. f5 g5 21. Ng3 Bd8 22.  Nh5 Nf6 23. Nxf6+ Bxf6 24. Na5 Bc8 25. Rac1 Nc4 26. Bxc4 bxc4 27. Qc3 d5 28.  exd5 Bxf5 29. Bc5 Bd7 30. Nxc4 1-0

[Event "Skopje ol (Men) fin-A"]
[Site "Skopje"]
[Date "1972.09.29"]
[Round "3.2"]
[White "Ivkov, Borislav"]
[Black "Sloth, Jorn"]
[Result "1-0"]
[WhiteElo "2520"]
[BlackElo "2385"]

1. c4 Nf6 2. Nc3 c6 3. Nf3 d5 4. e3 e6 5. b3 Bd6 6. Bb2 O-O 7. d4 Nbd7 8. Bd3  dxc4 9. Bxc4 e5 10. dxe5 Nxe5 11. Nxe5 Bxe5 12. Qxd8 Rxd8 13. f3 Be6 14. Bxe6  fxe6 15. Rd1 Nd5 16. Nxd5 Bxb2 17. Nf4 Kf7 18. Ke2 Bf6 19. Nd3 Rd5 20. Rd2 Rad8  21. Rhd1 e5 22. Rc2 e4 23. fxe4 Rg5 24. g3 Ke7 25. Rf1 g6 26. Rc4 Bg7 27. b4 a5  28. Rb1 a4 29. Rc2 Rh5 30. h4 Rb5 31. a3 Be5 32. g4 Bg3 33. Rh1 h5 34. g5 Rf8  35. Rh3 Bd6 36. Rf3 Rxf3 37. Kxf3 Ke6 38. Rc1 Kf7 39. Ke2 Be5 40. Rf1+ Kg7 41.  Nxe5 Rxe5 42. Kd3 Re8 43. Rf6 Rd8+ 44. Ke2 Rd7 45. e5 1-0

[Event "Skopje ol (Men) fin-A"]
[Site "Skopje"]
[Date "1972.09.29"]
[Round "3.2"]
[White "Zuidema, Coenraad"]
[Black "Smyslov, Vassily"]
[Result "1/2-1/2"]
[WhiteElo "2430"]
[BlackElo "2620"]

1. e4 e5 2. Nf3 Nc6 3. Bb5 a6 4. Ba4 d6 5. O-O Nf6 6. c3 Be7 7. d4 O-O 8. Nbd2  Bd7 9. Re1 exd4 10. cxd4 Nb4 11. Bxd7 Qxd7 12. Qb3 a5 13. a3 Na6 14. Nc4 a4 15.  Qc2 d5 16. exd5 Nxd5 17. Ne3 Nxe3 18. Bxe3 Rfe8 19. Rac1 Bf6 20. Red1 Qb5 21.  Nd2 Re6 22. Ne4 Qe8 23. Nxf6+ Rxf6 24. d5 h6 25. Rd4 Rd8 26. Bf4 Qb5 27. Rcd1  Re8 28. Be3 Rd6 29. h3 Red8 30. Qxa4 Qxa4 31. Rxa4 Rxd5 32. Rad4 Rxd4 33. Rxd4  Rxd4 1/2-1/2

[Event "Skopje ol (Men) fin-A"]
[Site "Skopje"]
[Date "1972.09.29"]
[Round "3.3"]
[White "Knaak, Rainer"]
[Black "Forintos, Gyozo V"]
[Result "0-1"]
[WhiteElo "2470"]
[BlackElo "2495"]

1. d4 Nf6 2. c4 g6 3. Nc3 d5 4. Nf3 Bg7 5. Bg5 Ne4 6. cxd5 Nxg5 7. Nxg5 e6 8.  Qa4+ c6 9. dxc6 Nxc6 10. Nf3 Bd7 11. O-O-O O-O 12. e3 Nxd4 13. Rxd4 Bxa4 14.  Rxd8 Rfxd8 15. Nxa4 Rac8+ 16. Nc3 Bxc3 17. bxc3 Rxc3+ 18. Kb2 Rdc8 19. Nd4 e5  20. Nb3 Rc2+ 21. Kb1 Rxf2 22. Nc1 e4 23. Bb5 0-1

[Event "Skopje ol (Men) fin-A"]
[Site "Skopje"]
[Date "1972.09.29"]
[Round "3.3"]
[White "Liljedahl, Lennart"]
[Black "Debarnot, Roberto Luis"]
[Result "1-0"]
[WhiteElo "2260"]
[BlackElo "2375"]

1. c4 c5 2. Nc3 g6 3. g3 Bg7 4. Bg2 Nc6 5. e3 Nh6 6. Nge2 Nf5 7. d3 Rb8 8. O-O  h5 9. h3 d6 10. a3 Bd7 11. b4 Qc8 12. b5 Nd8 13. Bb2 Nh6 14. h4 Bh3 15. Qd2  Bxg2 16. Kxg2 Qg4 17. f3 Qd7 18. Ne4 O-O 19. Bxg7 Kxg7 20. Nf4 f6 21. d4 cxd4  22. exd4 Rc8 23. Rac1 Nf5 24. d5 e6 25. dxe6 Nxe6 26. Nd5 Ned4 27. Qb2 Qe6 28.  Rfe1 Rxc4 29. Rxc4 Qxd5 30. Rc7+ Rf7 31. Rxf7+ Kxf7 32. Qc3 Qa2+ 33. Kh3 g5 34.  hxg5 Qe6 35. Kg2 Qa2+ 36. Kh3 Qe6 37. g4 hxg4+ 38. fxg4 Qd5 39. gxf6 Nxb5 40.  Qf3 Nfd4 41. Qf4 1-0

[Event "Skopje ol (Men) fin-A"]
[Site "Skopje"]
[Date "1972.09.29"]
[Round "3.3"]
[White "Padevsky, Nikola"]
[Black "Pfleger, Helmut"]
[Result "1/2-1/2"]
[WhiteElo "2430"]
[BlackElo "2545"]

1. d4 Nf6 2. c4 e6 3. Nf3 d5 4. Nc3 c5 5. e3 Nc6 6. a3 Ne4 7. Bd3 Nxc3 8. bxc3  Be7 9. O-O O-O 10. Bb2 Na5 11. cxd5 exd5 12. Ne5 c4 13. Bc2 Nc6 14. Nxc6 bxc6  15. e4 Be6 16. Bc1 dxe4 17. Bxe4 Bd5 18. Bxd5 Qxd5 19. Bf4 Bf6 20. Qa4 1/2-1/2

[Event "Skopje ol (Men) fin-A"]
[Site "Skopje"]
[Date "1972.09.29"]
[Round "3.3"]
[White "Schaufelberger, Heinz"]
[Black "Medina Garcia, Antonio Angel"]
[Result "1/2-1/2"]
[WhiteElo "2340"]
[BlackElo "2380"]

1. c4 Nf6 2. Nf3 e6 3. b3 b6 4. Bb2 Bb7 5. g3 Be7 6. Bg2 c5 7. O-O O-O 8. Nc3  d5 9. cxd5 Nxd5 10. d4 Nd7 11. Rc1 Rc8 12. Qd2 Nxc3 13. Qxc3 cxd4 14. Qxd4 Bf6  15. Qd2 Bxb2 16. Rxc8 Qxc8 17. Qxb2 Rd8 18. Rc1 Qb8 19. h4 h6 20. b4 b5 21. Qa3  a6 22. Qe3 Nf6 23. Qe5 Qa7 24. Qc5 Qa8 25. Qe5 Rc8 26. Qb2 Ng4 27. Rxc8+  1/2-1/2

[Event "Skopje ol (Men) fin-A"]
[Site "Skopje"]
[Date "1972.09.29"]
[Round "3.3"]
[White "Tal, Mikhail "]
[Black "Timman, Jan H"]
[Result "1-0"]
[WhiteElo "2625"]
[BlackElo "2480"]

1. Nf3 g6 2. e4 d6 3. d4 Nf6 4. Nbd2 Bg7 5. Bc4 O-O 6. Qe2 c6 7. Bb3 Bg4 8. e5  dxe5 9. dxe5 Nd5 10. O-O Nd7 11. h3 Bf5 12. Re1 Qc7 13. Nf1 Rad8 14. Ng3 Be6  15. Qe4 Rfe8 16. Qh4 f6 17. Bh6 Nxe5 18. Rxe5 fxe5 19. Ng5 Bf6 20. Nxe6 1-0

[Event "Skopje ol (Men) fin-A"]
[Site "Skopje"]
[Date "1972.09.29"]
[Round "3.4"]
[White "Ghizdavu, Dumitru"]
[Black "Sydor, Andrzej"]
[Result "1/2-1/2"]
[WhiteElo "2385"]
[BlackElo "2390"]

1. e4 e5 2. Nf3 Nc6 3. d4 exd4 4. c3 d5 5. exd5 Qxd5 6. cxd4 Bg4 7. Be2 Bb4+ 8.  Nc3 Bxf3 9. Bxf3 Qc4 10. Bxc6+ bxc6 11. Qe2+ Qxe2+ 12. Kxe2 Ne7 13. Be3 O-O-O  14. Rac1 Nf5 15. Rhd1 Rhe8 16. Kf3 Nh4+ 17. Kg3 Nf5+ 18. Kf3 Nh4+ 19. Kg3 Nf5+  1/2-1/2

[Event "Skopje ol (Men) fin-A"]
[Site "Skopje"]
[Date "1972.09.29"]
[Round "3.4"]
[White "Hartoch, Robert G"]
[Black "Savon, Vladimir A"]
[Result "1-0"]
[WhiteElo "2430"]
[BlackElo "2595"]

1. Nf3 c5 2. g3 g6 3. Bg2 Bg7 4. O-O Nc6 5. c4 d6 6. Nc3 Nf6 7. d4 cxd4 8. Nxd4  Bd7 9. Nc2 O-O 10. b3 Qa5 11. Bb2 Qh5 12. e4 Bg4 13. f3 Bh3 14. Bxh3 Qxh3 15.  Qe2 a6 16. Rad1 Nd7 17. Na4 Bxb2 18. Nxb2 Qh6 19. Nd3 Qg7 20. Nf4 Rfc8 21. Ne3  Rab8 22. Qd2 b5 23. Nfd5 b4 24. Nxe7+ Nxe7 25. Qxd6 Qc3 26. Rd3 Qe5 27. Qxd7  Rd8 28. Qxd8+ Rxd8 29. Rxd8+ Kg7 30. Rd3 Nc6 31. Rfd1 h5 32. Kf2 a5 33. Rd6 Ne7  34. h4 a4 35. bxa4 Qa5 36. R1d2 Qxa4 37. c5 Nc6 38. f4 b3 39. axb3 Qxe4 40.  Rxc6 Qxc6 41. b4 Kf8 42. Rd8+ Kg7 43. Rd2 Kf8 44. Rd8+ Kg7 45. Rd6 Qa4 46. Rd2  Kf8 47. Rc2 Ke8 48. c6 Kd8 49. Rc4 Qa2+ 50. Kf3 Qb3 51. Ke4 Qb1+ 52. Kd4 Kc8  53. Kc5 Qd3 54. Nd5 Qxg3 55. Kd6 Qd3 56. b5 Qa3+ 57. Rc5 1-0

[Event "Skopje ol (Men) fin-A"]
[Site "Skopje"]
[Date "1972.09.29"]
[Round "3.4"]
[White "Martz, William E"]
[Black "Pribyl, Josef"]
[Result "1-0"]
[WhiteElo "2420"]
[BlackElo "2435"]

1. c4 Nf6 2. Nc3 d5 3. cxd5 Nxd5 4. g3 g6 5. Bg2 Nb6 6. d3 Bg7 7. Nf3 Nc6 8.  O-O O-O 9. Bd2 e5 10. Rb1 a5 11. Na4 Nxa4 12. Qxa4 Bd7 13. Qh4 Qxh4 14. Nxh4  Bf6 15. Nf3 Be6 16. a3 Bd5 17. Bc3 b5 18. Rfc1 b4 19. Bxb4 Nxb4 20. axb4 Ba2  21. Nd2 Ra7 22. Ra1 axb4 23. Bd5 Bg5 24. e3 Bxd5 25. Rxa7 c6 26. Rb7 b3 27.  Nxb3 Rd8 28. Na5 Bf3 29. Nxc6 Rxd3 30. Rb8+ Kg7 31. Nxe5 1-0

[Event "Skopje ol (Men) fin-A"]
[Site "Skopje"]
[Date "1972.09.29"]
[Round "3.4"]
[White "Sax, Gyula"]
[Black "Vogt, Lothar"]
[Result "1-0"]
[WhiteElo "2445"]
[BlackElo "2390"]

1. e4 e5 2. Nf3 Nc6 3. Bc4 Nf6 4. d4 exd4 5. e5 d5 6. Bb5 Nd7 7. O-O Be7 8.  Bxc6 bxc6 9. Nxd4 Nb8 10. Nb3 c5 11. Qf3 O-O 12. c4 c6 13. cxd5 Qxd5 14. Qg3  Nd7 15. Re1 Qe6 16. Nc3 Ba6 17. Bf4 Rfe8 18. Rad1 Bc4 19. Nd2 Bxa2 20. b3 Bxb3  21. Nxb3 Qxb3 22. Rxd7 Qe6 23. Red1 a5 24. h4 a4 25. R7d2 a3 26. Ra1 Reb8 27.  Qd3 Rb3 28. Qc2 Qc4 29. Ne4 Qb4 30. Bg5 Bf8 31. e6 fxe6 32. Rd7 Be7 33. Rxe7  Qd4 34. Bf6 gxf6 35. Rd1 Qb2 36. Qc4 Rf8 37. Qxe6+ Kh8 38. Qf5 1-0

[Event "Skopje ol (Men) fin-A"]
[Site "Skopje"]
[Date "1972.09.29"]
[Round "3.4"]
[White "Toran Albero, Roman"]
[Black "Gereben, Erno"]
[Result "1/2-1/2"]
[WhiteElo "2420"]
[BlackElo "2335"]

1. Nf3 Nf6 2. c4 g6 3. Nc3 Bg7 4. g3 O-O 5. Bg2 d6 6. d4 Nc6 7. d5 Nb8 8. O-O  e5 9. dxe6 fxe6 10. h3 Nc6 11. Bg5 Qe8 12. Qd2 e5 13. Rad1 Bf5 14. e4 Be6 15.  b3 Kh8 16. Be3 b6 17. Ne1 Nh5 18. Nc2 Qd7 19. h4 Rf7 20. Ne2 Raf8 21. f3 Bh3  22. Kh2 Bxg2 23. Kxg2 Nf6 1/2-1/2

[Event "Skopje ol (Men) fin-A"]
[Site "Skopje"]
[Date "1972.09.30"]
[Round "4.1"]
[White "Darga, Klaus"]
[Black "Uhlmann, Wolfgang"]
[Result "1/2-1/2"]
[WhiteElo "2540"]
[BlackElo "2530"]

1. c4 e5 2. Nc3 Nf6 3. Nf3 Nc6 4. e3 Bb4 5. Qc2 O-O 6. d3 Re8 7. Bd2 Bf8 8. Be2  d6 9. O-O h6 10. a3 Bf5 11. b4 e4 12. dxe4 Nxe4 13. Nxe4 Bxe4 14. Qb2 Ne5 15.  Nxe5 dxe5 16. Rad1 1/2-1/2

[Event "Skopje ol (Men) fin-A"]
[Site "Skopje"]
[Date "1972.09.30"]
[Round "4.1"]
[White "Diez del Corral, Jesus"]
[Black "Hort, Vlastimil"]
[Result "1/2-1/2"]
[WhiteElo "2470"]
[BlackElo "2600"]

1. e4 e5 2. Nf3 Nc6 3. Bb5 a6 4. Ba4 Nf6 5. O-O Be7 6. d3 d6 7. c3 O-O 8. Nbd2  b5 9. Bb3 Na5 10. Bc2 c5 11. Re1 Re8 12. Nf1 Bf8 13. Bg5 h6 14. Bh4 g5 15. Bg3  Nc6 16. Ne3 Bg7 17. Bb3 Na5 18. Bc2 1/2-1/2